000 00843nam a2200229Ia 4500
001 10193
003 GE_BSU
008 181216s||||||||xx |||||||||||||| ||und||
040 _cGE_BSU
080 _a821.353.1–1
100 _aტაბიძე,გალაქტიონ
245 _aთხზულებანი თორმეტ ტომად. ტ.4
245 _bლექსები: [1932-1940]
245 _cსარედ.კოლ.გ.გვერდწითელი და სხვა.გამოსაც.მოამზადა ლ.სანაძემ.
260 _aთბილისი
260 _bსაბჭოთა საქართველო
260 _c1966
300 _a472გვ.21სმ.
653 _aთხზულებანი
653 _aლექსები
942 _cBK
999 _c43462
_d43462